000 00539cam a2200181 a 4500
020 _a0442218079
040 _cDLC
082 0 0 _a333 VAN 1986 A016 Or.
245 0 0 _aLand evaluation /
260 _aNew York :
_bVan Nostrand Reinhold,
_cc1986.
300 _axv, 373 p. :
_bill. ;
_c27 cm.
500 _a"A Hutchinson Ross publication."
650 0 _aLand use
650 0 _aSoil geography.
700 1 _aDavidson, Donald A.
856 _uhttps://drive.google.com/file/d/1sMyvDvj7Rc4d1h4FOYku_K_InEQ6bTdr/view?usp=sharing
942 _cEK
999 _c11615
_d11615